| 000 | 01260nam a2200313 c 4500 | ||
|---|---|---|---|
| 003 | BLK | ||
| 005 | 20200825132942.0 | ||
| 008 | 180409b bul|||||r ||||||| ||bul|| | ||
| 010 | _aKNG00119854000 | ||
| 040 | _aBLK | ||
| 041 |
_aBUL _cBUL |
||
| 080 |
_aЧешка литература _b821.162.3 _x-31 _z821.162.3-31 |
||
| 100 | 1 |
_aЧапек, Карел _eпърви автор _9370071 |
|
| 700 | 1 |
_aИванчев, Светомир _eпрев. от чеш. _9365682 |
|
| 700 | 1 |
_aИванчев, Ясен _eпрев. от чеш. _9292797 |
|
| 139 |
_aЧапек, Карел _bЧ 29 |
||
| 245 | 1 | 0 |
_aФабрика за Абсолют _bРоман _cКарел Чапек; прев. от чеш. Светомир Иванчев; прев. от чеш. Ясен Иванчев. |
| 257 | _aCHE | ||
| 260 |
_аВарна _bГеорги Бакалов _c1981 _fСофия : Балкан |
||
| 300 |
_a215 с. _c17 см |
||
| 380 | _aX | ||
| 490 | 1 |
_aБиблиотека Галактика _v25 |
|
| 500 | _aОриг. загл. Tovarna na Absolutno. | ||
| 852 | _aЦб І 18704 | ||
| 856 | 4 |
_qpdf _u |
|
| 856 | 4 |
_qpdf _u |
|
| 942 |
_cKNG _n0 _01 |
||
| 944 |
_aCR _c14.10.2010 _lдобави в АБ / 13.10.2010 _kВаля_Йорданова |
||
| 944 |
_aED _c29.10.2010 _lдобави в АБ / 13.10.2010 _k |
||
| 999 |
_c114423 _d114423 |
||